Security on the benefit of a prelet (Record no. 118164)

MARC details
000 -LEADER
fixed length control field 00929cam a2200229 4500
001 - CONTROL NUMBER
control field ABS68376
008 - FIXED-LENGTH DATA ELEMENTS--GENERAL INFORMATION
fixed length control field 041014n2004 000 0 eng u
035 ## - SYSTEM CONTROL NUMBER
System control number (Sirsi) u127706
100 ## - MAIN ENTRY--PERSONAL NAME
Personal name Woolf, G.
245 ## - TITLE STATEMENT
Title Security on the benefit of a prelet
260 ## - PUBLICATION, DISTRIBUTION, ETC.
Date of publication, distribution, etc. 2004
490 ## - SERIES STATEMENT
Series statement Estates Gazette
Volume/sequential designation (0441) 9 October 2004, 150(1)
520 ## - SUMMARY, ETC.
Summary, etc. Considers issues for lenders where they need to enforce an assigned obligation on a tenant. Where an interest in any property is charged, the whole of the landlord's interest as charger does not pass to the lender. The landlord's interest in the property continues and he always has the right to have it back once the lender discharges its charge.
590 ## - LOCAL NOTE (RLIN)
Local note ABS
590 ## - LOCAL NOTE (RLIN)
Local note ABS
650 ## - SUBJECT ADDED ENTRY--TOPICAL TERM
Topical term or geographic name entry element LANDLORD AND TENANT (COVENANTS) ACT 1995
650 ## - SUBJECT ADDED ENTRY--TOPICAL TERM
Topical term or geographic name entry element SECURITY
650 ## - SUBJECT ADDED ENTRY--TOPICAL TERM
Topical term or geographic name entry element CHARGE ON PROPERTY
650 ## - SUBJECT ADDED ENTRY--TOPICAL TERM
Topical term or geographic name entry element ASSIGNMENT
690 ## - LOCAL SUBJECT ADDED ENTRY--TOPICAL TERM (OCLC, RLIN)
Topical term or geographic name as entry element PROPERTY AND LAND LAW
942 ## - ADDED ENTRY ELEMENTS (KOHA)
Suppress in OPAC 0
Holdings
Withdrawn status Lost status Source of classification or shelving scheme Damaged status Not for loan Home library Current library Shelving location Date acquired Total Checkouts Full call number Barcode Date last seen Copy number Price effective from Koha item type
    Dewey Decimal Classification     London London Journal article 14/10/2004   ABS68376 127706-1001 06/08/2019 1 06/08/2019 Journal article